000 00672nam a2200229Ia 4500
003 OSt
005 20220918215127.0
006 a|||||r|||| 00| 0
007 ta
008 220917b |||||||| |||| 00| 0 eng d
024 _a140,182
037 _cTextual
040 _aARTS
_cARTS
_beng
041 _2eng
_aeng
082 _aY1:1:5.1.M9, K5
100 _aWellek R
_9133333
245 0 _aConfronations
_b Studies in the intellectual and literary relations between Germany , England and the United States during the 19th century
260 _c1965
650 _aSOCIOLOGY
942 _hY1:1:5.1.M9, K5
_cTEXL
_2CC
999 _c263159
_d263159